000 01047cam a22002055a 4500
001 L155421
008 120321s1798 xxk f 000 0 eng d
035 _a(Sirsi) u155421
041 0 _aeng
100 1 _aBillingsley, John
_cEsq
245 0 0 _aGeneral view of the agriculture of the county of Somerset
_bwith observations on the means of its improvement. Drawn up in the year 1795, for the consideration of the Board of Agriculture and Internal Improvement. By John Billingsley, Esq; Of Ashwick-Grove, near Shepton-Mallet. And now re-printed with considerable additions and amendments, Accompanied with the remarks of some respectable gentlemen and farmers in the county. ...
250 _aSecond edition
260 _aBath
_bprinted by R. Cruttwell, for the author; and sold by C. Dilly, Poultry, London
_cMDCCXCVIII. [1798]
300 _a16, 320 p., plates
_bmaps
_c8o
520 _aWith a half-title.
583 _aCondition reviewed
_c20120620
_lcondition level 1
651 4 _aGreat Britain
_y1707-
690 _aRural
_96268
942 _n0
999 _c113560
_d113560